000
00314nam a2200157Ia 4500
100
_a
Lahiri/Jhumpa
650
_a
Fiction
942
_c
BK
366
_f
20
245
_a
The Namesake
260
_b
Harper collins
_c
2012
082
_a
808.3
_b
LAH
300
_a
291
546
_a
ENGLISH
_c
Computers
999
_c
18368
_d
18368